000 01074cad a22002295a 4500
001 E151677
008 101130s2010 xxkad f s 000 0 eng d
035 _a(Sirsi) u151677
041 0 _aeng
050 0 4 _a333.6324 $2 18
110 2 _aGVA Grimley
_93646
245 0 0 _aUK economic property and market review
_bQ4 2010
_h[electronic resource]
260 _aLondon
_bGVA Grimley
_c2010
490 0 _aGVA Grimley Economic and Property Market Review UK
_vFourth Quarter 2010
520 _aEconomic output increased strongly in Q3 2010, with the construction sector showing the strongest growth. Reports that house prices and transaction levels are falling, and emplyment statistics are showing mixed messages.
590 _aKA NTK
650 2 4 _aGVA GRIMLEY ECONOMIC AND PROPERTY MARKET REVIEW UK
651 4 _aUnited Kingdom
_y
690 _aPROPERTY-COMMERCIAL PROPERTY-COMMERCIAL PROPERTY MARKET
856 4 0 _uhttps://www.gvagrimley.co.uk/Documents/publications/research/epmr/UKEPMRQ42010.pdf
_zView this report free of charge at www.gvagrimley.co.uk...
942 _n0
999 _c111530
_d111530